Privaciones múltiples en la Argentina: diferencias entre hogares con jefatura masculina y hogares con jefatura femenina /
Guardat en:
| Autor principal: | |
|---|---|
| Altres autors: | |
| Format: | Llibre |
| Idioma: | Spanish |
| Etiquetes: |
Afegir etiqueta
Sense etiquetes, Sigues el primer a etiquetar aquest registre!
|
MARC
| LEADER | 00000nam a22000007a 4500 | ||
|---|---|---|---|
| 003 | cru CIDCACS/IIS | ||
| 005 | 20170823153723.0 | ||
| 007 | ta | ||
| 008 | 170823t2016 cl |||p|r|||| 00| 0 spa d | ||
| 999 | |c 40305 |d 40305 | ||
| 040 | |c cru CIDCACS/IIS | ||
| 100 | 1 | |9 5334 |a Arevalo, Carla | |
| 245 | 1 | |a Privaciones múltiples en la Argentina: |b diferencias entre hogares con jefatura masculina y hogares con jefatura femenina / |c Carla Arévalo, Jorge A. Paz | |
| 300 | |a páginas 169-190 |b tablas | ||
| 700 | 1 | |9 5335 |a Paz, Jorge | |
| 773 | 0 | |0 40300 |9 1150 |a Centro Latinoamericano y Caribeño de Demografía (CELADE)-División de la CEPAL |d Santiago, Chile: CELADE -CEPAL, |o 18262 |t Notas de Población / |x 9789211219319 | |
| 942 | |2 ddc |c PP | ||
